Kavkazský zajatec

Poéma s autobiografickými črtami odohrávajúca sa v divokých horách Kaukazu, kde prebieha vojenská bitka. Hrdinom poémy je človek veľmi utrápený a sklamaný v láske i priateľstve. Nádhera prírody je vyjadrená opisom skál, dolín horského masívu a vynímajúceho sa Elbrusu. Oproti tomuto opisu prírody sto...

Celý popis

Podrobná bibliografia
Hlavný autor: Puškin, Aleksandr Sergejevič, 1799-1837 (Autor)
Ďalší autori: Hviezdoslav, Pavol Országh, 1849-1921 (Prekladateľ)
Médium: Rukopis Kniha
Jazyk:slovenčina
ruština
Fyzický popis:20 strán rukopis, voľné listy 34 cm
Vydané aj v tlačenej forme
Vydavateľské údaje: [Dolný Kubín] [1916]
Predmet:

MARC

LEADER 00000ntmaa2200000 a 4500
001 vtls012073459
003 SK-MaSNL
005 20260301104250.0
008 230802s1916 xo || 000 pdslo
035 |a urn:nbn:sk:snk-tm00fwcs 
035 |a BB84B11B-7BA3-4679-8AF7-3D02FC8844A5 
035 |a urn:nbn:sk:snk-tm3n47b 
040 |a SNKLA  |b slo  |c SNKLA  |e AACR2 
041 1 |a slo  |h rus 
044 |a xo  |c SK 
072 7 |a 821.161.1  |x Ruská literatúra  |2 konspekt 
080 |a 025.171  |2 2011 
080 |a 821.161.1-1  |2 2001 
080 |a (0:82-13)  |2 2001 
080 |a 171  |2 2011 
100 1 |a Puškin, Aleksandr Sergejevič,  |d 1799-1837  |4 aut  |9 16675 
240 1 0 |a Kavkazskij plennik  |l Slovensky 
245 1 0 |a Kavkazský zajatec  |c Puškin ; [preložil] H 
260 |a [Dolný Kubín]  |c [1916] 
300 |a 20 strán  |b rukopis, voľné listy  |c 34 cm 
520 2 |a Poéma s autobiografickými črtami odohrávajúca sa v divokých horách Kaukazu, kde prebieha vojenská bitka. Hrdinom poémy je človek veľmi utrápený a sklamaný v láske i priateľstve. Nádhera prírody je vyjadrená opisom skál, dolín horského masívu a vynímajúceho sa Elbrusu. Oproti tomuto opisu prírody stoja životné príbehy horalov 
530 |a Vydané aj v tlačenej forme 
555 0 |a Inventár rukopisov Literárneho archívu Matice slovenskej XII. Fondy 61 - 70. Martin : Matica slovenská 1983 
561 |a Okrúhla pečiatka: Archív Matice slovenskej 
650 0 7 |a životné problémy  |2 SNKPH  |9 4390 
651 7 |a Kaukaz (pohorie)  |2 SNKPHgeo  |9 56234 
655 7 |a rukopisy  |2 SNKPH  |9 70548 
655 7 |a ruská poézia  |2 SNKPH  |9 70731 
655 7 |a epická poézia  |2 SNKPH  |9 70640 
700 1 |a Hviezdoslav, Pavol Országh,  |d 1849-1921  |4 trl  |9 92721 
852 |a Slovenská národná knižnica  |b Literárny archív 
958 |a OF 
958 |a LAVD 
999 |c 697667  |d 699597 
952 |a SNKLA  |b SNKLA  |c SNKLA_DEP  |y NEVYP  |7 0  |p 17A1229869  |o snk70 T 6  |0 0  |1 0  |4 0  |d 2021-10-14  |f 1  |l 0  |r 2026-02-23 20:47:09  |w 2026-02-23